| 000 | 00691nam a2200217 a 4500 | ||
|---|---|---|---|
| 001 | 573 | ||
| 005 | 20221127085954.0 | ||
| 008 | 050920s lxxua | 00100 eng d | ||
| 020 |
_a0471346446 : _cSR171.00 |
||
| 035 | _a586 | ||
| 082 | 0 | 4 |
_a658.4038 _bP316 2004 |
| 100 | 1 | _aPearlson, Keri E. | |
| 245 | 1 | 0 |
_aManaging and using information systems / _cKeri E. Pearlson, Carol Saunders. |
| 250 | _a2nd ed. | ||
| 260 |
_aHoboken, NJ : _bJohn Wiley, _c2004. |
||
| 300 |
_axxik, 345 p. : _bill. ; _c23 cm. |
||
| 504 | _aIncludes bibl. references and index. | ||
| 650 | 4 | _aManagement information systems. | |
| 650 | 4 |
_aInformation technology _xManagement. |
|
| 700 | 1 |
_aSaunders, Carol S., _ejt. auth. |
|
| 999 |
_c573 _d573 |
||